[Event "2025 National K-12 Grade Championship"]
[Site "Spokane, WI USA, United States"]
[Date "2025.12.13"]
[Round "5.28"]
[White "Balamurali, Mahith"]
[Black "Dande, Ridhaan"]
[Result "1/2-1/2"]
[TimeControl "G/90; d10"]
[WhiteFideId "39989976"]
[BlackFideId "39998827"]
[WhiteElo "1484"]
[BlackElo "1703"]

1. e4 {[%clk 01:30:00]} {[%emt 00:00:02]} c5 {[%clk 01:30:00]} {[%emt
00:00:04]} 2. Nf3 {[%clk 01:30:00]} {[%emt 00:00:06]} d6 {[%clk 01:30:00]}
{[%emt 00:00:08]} 3. d4 {[%clk 01:30:00]} {[%emt 00:00:06]} cxd4 {[%clk
01:30:00]} {[%emt 00:00:09]} 4. Nxd4 {[%clk 01:30:00]} {[%emt 00:00:06]} Nf6
{[%clk 01:30:00]} {[%emt 00:00:08]} 5. Nc3 {[%clk 01:30:00]} {[%emt 00:00:07]}
a6 {[%clk 01:30:00]} {[%emt 00:00:08]} 6. Bc4 {[%clk 01:29:56]} {[%emt
00:00:14]} e6 {[%clk 01:29:44]} {[%emt 00:00:27]} 7. O-O {[%clk 01:29:32]}
{[%emt 00:00:34]} Qc7 {[%clk 01:29:21]} {[%emt 00:00:32]} 8. Bb3 {[%clk
01:29:24]} {[%emt 00:00:17]} Be7 {[%clk 01:28:44]} {[%emt 00:00:49]} 9. f4
{[%clk 01:28:46]} {[%emt 00:00:47]} O-O {[%clk 01:28:12]} {[%emt 00:00:45]} 10.
Be3 {[%clk 01:27:44]} {[%emt 00:01:10]} Nbd7 {[%clk 01:27:04]} {[%emt
00:01:17]} 11. f5 {[%clk 01:25:32]} {[%emt 00:02:22]} e5 {[%clk 01:26:26]}
{[%emt 00:00:49]} 12. Nde2 {[%clk 01:24:17]} {[%emt 00:01:23]} b5 {[%clk
01:25:46]} {[%emt 00:00:51]} 13. Nd5 {[%clk 01:23:25]} {[%emt 00:01:01]} Nxd5
{[%clk 01:24:48]} {[%emt 00:01:08]} 14. Bxd5 {[%clk 01:23:13]} {[%emt
00:00:23]} Bb7 {[%clk 01:24:38]} {[%emt 00:00:20]} 15. Bxb7 {[%clk 01:22:35]}
{[%emt 00:00:48]} Qxb7 {[%clk 01:24:38]} {[%emt 00:00:05]} 16. Ng3 {[%clk
01:22:32]} {[%emt 00:00:13]} Nf6 {[%clk 01:24:23]} {[%emt 00:00:24]} 17. Bg5
{[%clk 01:22:19]} {[%emt 00:00:24]} Qb6+ {[%clk 01:22:35]} {[%emt 00:01:59]} 18.
Kh1 {[%clk 01:21:35]} {[%emt 00:00:52]} h6 {[%clk 01:21:45]} {[%emt 00:01:00]}
19. Bxf6 {[%clk 01:21:12]} {[%emt 00:00:33]} Bxf6 {[%clk 01:21:29]} {[%emt
00:00:26]} 20. Nh5 {[%clk 01:21:01]} {[%emt 00:00:21]} Bg5 {[%clk 01:21:27]}
{[%emt 00:00:13]} 21. Qg4 {[%clk 01:20:32]} {[%emt 00:00:38]} g6 {[%clk
01:21:06]} {[%emt 00:00:31]} 22. fxg6 {[%clk 01:20:28]} {[%emt 00:00:15]} fxg6
{[%clk 01:20:30]} {[%emt 00:00:46]} 23. Qe6+ {[%clk 01:20:28]} {[%emt
00:00:05]} Kh8 {[%clk 01:19:33]} {[%emt 00:01:07]} 24. Qxg6 {[%clk 01:20:20]}
{[%emt 00:00:16]} Rg8 {[%clk 01:18:23]} {[%emt 00:01:21]} 25. Qf5 {[%clk
01:18:33]} {[%emt 00:01:56]} Qc7 {[%clk 01:13:06]} {[%emt 00:05:27]} 26. c3
{[%clk 01:13:46]} {[%emt 00:04:58]} Qe7 {[%clk 01:10:29]} {[%emt 00:02:46]} 27.
Qf7 {[%clk 01:12:41]} {[%emt 00:01:15]} Raf8 {[%clk 01:09:12]} {[%emt
00:01:28]} 28. Qxe7 {[%clk 01:12:19]} {[%emt 00:00:32]} Bxe7 {[%clk 01:09:12]}
{[%emt 00:00:07]} 29. Rxf8 {[%clk 01:12:07]} {[%emt 00:00:22]} Rxf8 {[%clk
01:09:12]} {[%emt 00:00:08]} 30. Kg1 {[%clk 01:11:56]} {[%emt 00:00:21]} Bg5
{[%clk 01:09:12]} {[%emt 00:00:07]} 31. Re1 {[%clk 01:11:10]} {[%emt 00:00:56]}
Kh7 {[%clk 01:07:19]} {[%emt 00:02:04]} 32. Re2 {[%clk 01:10:25]} {[%emt
00:00:55]} Kg6 {[%clk 01:04:52]} {[%emt 00:02:36]} 33. Ng3 {[%clk 01:09:52]}
{[%emt 00:00:42]} h5 {[%clk 01:04:52]} {[%emt 00:00:09]} 34. Nf5 {[%clk
01:09:52]} {[%emt 00:00:09]} d5 {[%clk 01:04:52]} {[%emt 00:00:07]} 35. Ng3
{[%clk 01:08:59]} {[%emt 00:01:03]} d4 {[%clk 01:04:52]} {[%emt 00:00:07]} 36.
Nf5 {[%clk 01:08:12]} {[%emt 00:00:57]} 1/2-1/2

[Event "2025 National K-12 Grade Championship"]
[Site "Spokane, WI USA, United States"]
[Date "2025.12.13"]
[Round "5.29"]
[White "Abramowitz, Benjamin"]
[Black "Yilanli, Mehmet"]
[Result "0-1"]
[TimeControl "G/90; d10"]
[WhiteFideId "39975681"]
[BlackFideId "39959961"]
[WhiteElo "1376"]
[BlackElo "1959"]

1. e4 {[%clk 01:30:00]} {[%emt 00:00:02]} c5 {[%clk 01:30:00]} {[%emt
00:00:04]} 2. Nc3 {[%clk 01:30:00]} {[%emt 00:00:06]} Nc6 {[%clk 01:30:00]}
{[%emt 00:00:05]} 3. f4 {[%clk 01:29:54]} {[%emt 00:00:16]} g6 {[%clk
01:30:00]} {[%emt 00:00:06]} 4. Nf3 {[%clk 01:29:46]} {[%emt 00:00:17]} Bg7
{[%clk 01:30:00]} {[%emt 00:00:06]} 5. Bc4 {[%clk 01:29:37]} {[%emt 00:00:19]}
e6 {[%clk 01:30:00]} {[%emt 00:00:07]} 6. O-O {[%clk 01:29:21]} {[%emt
00:00:27]} Nge7 {[%clk 01:30:00]} {[%emt 00:00:04]} 7. Re1 {[%clk 01:26:16]}
{[%emt 00:03:14]} O-O {[%clk 01:30:00]} {[%emt 00:00:09]} 8. Bb3 {[%clk
01:22:08]} {[%emt 00:04:18]} d5 {[%clk 01:29:11]} {[%emt 00:01:00]} 9. e5
{[%clk 01:21:25]} {[%emt 00:00:53]} c4 {[%clk 01:28:44]} {[%emt 00:00:37]} 10.
Ba4 {[%clk 01:21:17]} {[%emt 00:00:18]} a6 {[%clk 01:26:59]} {[%emt 00:01:55]}
11. Bxc6 {[%clk 01:21:11]} {[%emt 00:00:16]} Nxc6 {[%clk 01:26:59]} {[%emt
00:00:10]} 12. a4 {[%clk 01:18:58]} {[%emt 00:02:24]} Bd7 {[%clk 01:26:29]}
{[%emt 00:00:38]} 13. d3 {[%clk 01:15:17]} {[%emt 00:03:52]} cxd3 {[%clk
01:20:24]} {[%emt 00:06:16]} 14. Qxd3 {[%clk 01:14:22]} {[%emt 00:01:05]} Qc7
{[%clk 01:20:09]} {[%emt 00:00:24]} 15. Be3 {[%clk 01:13:15]} {[%emt 00:01:16]}
f6 {[%clk 01:19:45]} {[%emt 00:00:35]} 16. Bc5 {[%clk 01:10:37]} {[%emt
00:02:49]} Nxe5 {[%clk 01:19:22]} {[%emt 00:00:32]} 17. fxe5 {[%clk 01:09:27]}
{[%emt 00:01:20]} Qxc5+ {[%clk 01:19:22]} {[%emt 00:00:05]} 18. Qe3 {[%clk
01:08:45]} {[%emt 00:00:41]} Qxe3+ {[%clk 01:18:48]} {[%emt 00:00:54]} 19. Rxe3
{[%clk 01:08:34]} {[%emt 00:00:21]} Rad8 {[%clk 01:18:48]} {[%emt 00:00:09]} 20.
Ne2 {[%clk 01:06:51]} {[%emt 00:01:54]} fxe5 {[%clk 01:10:24]} {[%emt
00:08:34]} 21. Nxe5 {[%clk 01:05:44]} {[%emt 00:01:17]} Bc8 {[%clk 01:10:24]}
{[%emt 00:00:06]} 22. Rd1 {[%clk 00:57:12]} {[%emt 00:08:42]} Rf5 {[%clk
01:10:17]} {[%emt 00:00:16]} 23. Nc4 {[%clk 00:56:40]} {[%emt 00:00:43]} Bf8
{[%clk 01:07:56]} {[%emt 00:02:31]} 24. Rf3 {[%clk 00:54:30]} {[%emt 00:02:18]}
Bc5+ {[%clk 01:07:39]} {[%emt 00:00:29]} 25. Kh1 {[%clk 00:53:42]} {[%emt
00:00:57]} Rxf3 {[%clk 01:07:27]} {[%emt 00:00:23]} 26. gxf3 {[%clk 00:53:42]}
{[%emt 00:00:06]} Rf8 {[%clk 01:07:16]} {[%emt 00:00:20]} 27. Ne5 {[%clk
00:50:05]} {[%emt 00:03:48]} Rf5 {[%clk 01:07:12]} {[%emt 00:00:14]} 28. f4
{[%clk 00:49:23]} {[%emt 00:00:52]} b6 {[%clk 01:05:07]} {[%emt 00:02:15]} 29.
Ng4 {[%clk 00:47:07]} {[%emt 00:02:25]} Kg7 {[%clk 01:04:55]} {[%emt 00:00:23]}
30. c3 {[%clk 00:42:57]} {[%emt 00:04:21]} g5 {[%clk 01:04:26]} {[%emt
00:00:37]} 31. Ng3 {[%clk 00:42:13]} {[%emt 00:00:54]} Rf8 {[%clk 01:03:36]}
{[%emt 00:01:01]} 32. Ne2 {[%clk 00:40:13]} {[%emt 00:02:09]} gxf4 {[%clk
01:02:12]} {[%emt 00:01:36]} 33. Nd4 {[%clk 00:39:41]} {[%emt 00:00:42]} h5
{[%clk 01:02:02]} {[%emt 00:00:19]} 34. Ne5 {[%clk 00:39:29]} {[%emt 00:00:22]}
Kf6 {[%clk 01:01:00]} {[%emt 00:01:12]} 35. Re1 {[%clk 00:38:45]} {[%emt
00:00:54]} Bd6 {[%clk 01:00:33]} {[%emt 00:00:37]} 36. Nef3 {[%clk 00:37:04]}
{[%emt 00:01:51]} e5 {[%clk 01:00:24]} {[%emt 00:00:20]} 37. Ne2 {[%clk
00:36:12]} {[%emt 00:01:02]} Rg8 {[%clk 01:00:20]} {[%emt 00:00:15]} 38. Nd2
{[%clk 00:33:43]} {[%emt 00:02:40]} Bb7 {[%clk 01:00:15]} {[%emt 00:00:14]} 39.
Ng1 {[%clk 00:32:58]} {[%emt 00:00:54]} e4 {[%clk 00:59:29]} {[%emt 00:00:57]}
40. Nb3 {[%clk 00:29:00]} {[%emt 00:04:08]} f3 {[%clk 00:59:25]} {[%emt
00:00:13]} 41. Rf1 {[%clk 00:27:50]} {[%emt 00:01:20]} Ke7 {[%clk 00:59:17]}
{[%emt 00:00:16]} 42. Rf2 {[%clk 00:24:34]} {[%emt 00:03:27]} Bf4 {[%clk
00:58:21]} {[%emt 00:01:06]} 43. Nd4 {[%clk 00:24:02]} {[%emt 00:00:42]} Kd7
{[%clk 00:56:44]} {[%emt 00:01:47]} 44. Nc2 {[%clk 00:23:11]} {[%emt 00:01:02]}
Ke8 {[%clk 00:56:09]} {[%emt 00:00:44]} 45. Nh3 {[%emt 00:02:03]} Bh6 {[%clk
00:56:04]} {[%emt 00:00:13]} 46. b4 {[%clk 00:20:45]} {[%emt 00:00:46]} Bc8
{[%clk 00:56:00]} {[%emt 00:00:12]} 47. Ng1 {[%clk 00:20:31]} {[%emt 00:00:25]}
h4 {[%clk 00:56:00]} {[%emt 00:00:07]} 48. h3 {[%clk 00:20:06]} {[%emt
00:00:36]} Bf4 {[%clk 00:55:34]} {[%emt 00:00:36]} 49. Nxf3 {[%clk 00:19:21]}
{[%emt 00:00:55]} exf3 {[%clk 00:55:17]} {[%emt 00:00:27]} 50. Rxf3 {[%clk
00:19:10]} {[%emt 00:00:21]} Bg3 {[%clk 00:55:12]} {[%emt 00:00:14]} 51. Re3+
{[%clk 00:18:03]} {[%emt 00:01:17]} Kd8 {[%clk 00:55:12]} {[%emt 00:00:07]} 52.
Rd3 {[%clk 00:17:51]} {[%emt 00:00:24]} Kc7 {[%clk 00:55:04]} {[%emt 00:00:18]}
53. Rxd5 {[%clk 00:16:05]} {[%emt 00:01:56]} Bb7 {[%emt 00:00:18]} 54. Ne3
{[%clk 00:16:04]} Bf2 {[%clk 00:55:02]} {[%emt 00:00:11]} 55. c4 {[%clk
00:15:17]} {[%emt 00:00:58]} Bxe3 {[%clk 00:54:59]} {[%emt 00:00:13]} 56. b5
{[%clk 00:13:59]} {[%emt 00:01:28]} a5 {[%clk 00:54:59]} {[%emt 00:00:06]} 57.
Kh2 {[%clk 00:13:13]} {[%emt 00:00:56]} Bg1+ {[%clk 00:54:59]} {[%emt
00:00:09]} 58. Kh1 {[%clk 00:12:38]} {[%emt 00:00:44]} Rg7 {[%clk 00:54:58]}
{[%emt 00:00:08]} 59. c5 {[%clk 00:12:16]} {[%emt 00:00:35]} Bxd5# {[%clk
00:54:58]} {[%emt 00:00:08]} 0-1

[Event "2025 National K-12 Grade Championship"]
[Site "Spokane, WI USA, United States"]
[Date "2025.12.13"]
[Round "5.30"]
[White "Neshvadian, Dario"]
[Black "Salem, Samir P"]
[Result "1-0"]
[TimeControl "G/90; d10"]
[BlackFideId "39995267"]
[WhiteElo "1345"]
[BlackElo "1600"]

1. e4 {[%clk 01:30:00]} e6 {[%clk 01:30:00]} {[%emt 00:00:03]} 2. Nf3 {[%clk
01:30:00]} {[%emt 00:00:10]} d5 {[%clk 01:30:00]} {[%emt 00:00:03]} 3. exd5
{[%clk 01:29:45]} {[%emt 00:00:25]} exd5 {[%clk 01:30:00]} {[%emt 00:00:02]} 4.
d4 {[%clk 01:29:32]} {[%emt 00:00:23]} Bd6 {[%clk 01:29:55]} {[%emt 00:00:16]}
5. Nc3 {[%clk 01:29:31]} {[%emt 00:00:12]} c6 {[%clk 01:29:55]} {[%emt
00:00:08]} 6. Bd3 {[%clk 01:29:28]} {[%emt 00:00:12]} Ne7 {[%clk 01:29:54]}
{[%emt 00:00:11]} 7. h3 {[%clk 01:29:27]} {[%emt 00:00:11]} O-O {[%clk
01:29:43]} {[%emt 00:00:21]} 8. O-O {[%clk 01:29:26]} {[%emt 00:00:11]} Bf5
{[%clk 01:29:40]} {[%emt 00:00:13]} 9. Re1 {[%clk 01:28:55]} {[%emt 00:00:41]}
Bxd3 {[%clk 01:28:00]} {[%emt 00:01:50]} 10. Qxd3 {[%clk 01:28:54]} {[%emt
00:00:10]} h6 {[%clk 01:26:05]} {[%emt 00:02:05]} 11. Bd2 {[%clk 01:21:36]}
{[%emt 00:07:29]} Nd7 {[%clk 01:24:54]} {[%emt 00:01:20]} 12. Re2 {[%clk
01:16:47]} {[%emt 00:04:59]} Nb6 {[%clk 01:20:01]} {[%emt 00:05:03]} 13. b3
{[%clk 01:15:48]} {[%emt 00:01:09]} Ng6 {[%clk 01:18:20]} {[%emt 00:01:51]} 14.
Ne5 {[%clk 01:11:40]} {[%emt 00:04:18]} Nxe5 {[%clk 01:11:52]} {[%emt
00:06:39]} 15. dxe5 {[%clk 01:11:40]} {[%emt 00:00:07]} Bc5 {[%clk 01:10:58]}
{[%emt 00:01:04]} 16. a3 {[%clk 01:11:08]} {[%emt 00:00:42]} Re8 {[%clk
01:08:29]} {[%emt 00:02:38]} 17. b4 {[%emt 00:00:49]} Bf8 {[%clk 01:08:16]}
{[%emt 00:00:22]} 18. Qg3 {[%clk 01:10:03]} {[%emt 00:00:37]} Kh7 {[%clk
01:06:30]} {[%emt 00:01:57]} 19. Qf4 {[%clk 01:09:45]} {[%emt 00:00:27]} Qc7
{[%clk 01:02:25]} {[%emt 00:04:17]} 20. Rae1 {[%clk 01:09:28]} {[%emt
00:00:27]} Re6 {[%clk 01:01:30]} {[%emt 00:01:05]} 21. Nd1 {[%clk 01:07:20]}
{[%emt 00:02:18]} Nc4 {[%emt 00:01:24]} 22. Bc1 {[%clk 01:06:54]} {[%emt
00:00:34]} Rae8 {[%clk 00:56:21]} {[%emt 00:04:07]} 23. Bb2 {[%clk 01:05:56]}
{[%emt 00:01:08]} f6 {[%clk 00:47:34]} {[%emt 00:08:57]} 24. Qf5+ {[%clk
01:02:19]} {[%emt 00:03:46]} g6 {[%clk 00:46:57]} {[%emt 00:00:47]} 25. Qf3
{[%clk 01:01:31]} {[%emt 00:00:58]} Nxb2 {[%clk 00:45:58]} {[%emt 00:01:10]} 26.
Nxb2 {[%clk 01:01:21]} {[%emt 00:00:20]} Rxe5 {[%clk 00:43:16]} {[%emt
00:02:50]} 27. Nd3 {[%clk 01:00:14]} {[%emt 00:01:19]} Rxe2 {[%emt 00:01:18]}
28. Rxe2 {[%clk 01:00:03]} {[%emt 00:00:16]} Re7 {[%emt 00:00:11]} 29. Rxe7+
{[%clk 00:59:23]} Qxe7 {[%clk 00:40:23]} 30. Qg4 {[%clk 00:57:38]} {[%emt
00:02:50]} Kg7 {[%clk 00:39:29]} 31. Qe4 {[%emt 00:01:43]} f5 32. Qd4+ {[%clk
00:57:10]} Kg8 {[%clk 00:36:13]} {[%emt 00:03:26]} 33. Qxa7 {[%clk 00:56:50]}
{[%emt 00:00:31]} g5 {[%clk 00:30:58]} {[%emt 00:05:24]} 34. Qb8 {[%clk
00:38:51]} {[%emt 00:18:10]} Kh7 {[%clk 00:22:32]} {[%emt 00:08:36]} 35. Qc8
{[%clk 00:38:14]} {[%emt 00:00:47]} Kg6 {[%clk 00:19:39]} {[%emt 00:03:04]} 36.
a4 {[%clk 00:37:22]} {[%emt 00:01:01]} Bg7 {[%clk 00:15:09]} {[%emt 00:04:40]}
37. b5 {[%clk 00:35:44]} {[%emt 00:01:48]} cxb5 {[%clk 00:13:32]} {[%emt
00:01:47]} 38. axb5 {[%clk 00:35:41]} {[%emt 00:00:13]} d4 {[%clk 00:11:16]}
{[%emt 00:02:26]} 39. b6 {[%clk 00:34:34]} {[%emt 00:01:17]} f4 {[%clk
00:08:30]} {[%emt 00:02:56]} 40. Qc7 {[%clk 00:34:15]} {[%emt 00:00:28]} Qe4
{[%clk 00:08:04]} {[%emt 00:00:36]} 41. Qd6+ {[%clk 00:33:52]} {[%emt
00:00:33]} Kf7 {[%clk 00:06:04]} {[%emt 00:02:11]} 42. Qc7+ {[%clk 00:33:01]}
{[%emt 00:01:01]} Qe7 {[%clk 00:05:26]} {[%emt 00:00:47]} 43. Nc5 {[%clk
00:32:17]} {[%emt 00:00:53]} Be5 {[%clk 00:05:11]} {[%emt 00:00:25]} 44. Qxb7
{[%clk 00:31:53]} {[%emt 00:00:34]} Qxb7 {[%clk 00:04:56]} {[%emt 00:00:25]} 45.
Nxb7 {[%clk 00:31:53]} {[%emt 00:00:02]} Ke6 {[%clk 00:04:09]} {[%emt
00:00:57]} 46. Na5 {[%clk 00:31:41]} {[%emt 00:00:22]} Kd7 {[%clk 00:03:45]}
{[%emt 00:00:34]} 47. Kf1 {[%clk 00:31:16]} {[%emt 00:00:34]} Kc8 {[%clk
00:02:44]} {[%emt 00:01:12]} 48. b7+ {[%clk 00:30:59]} {[%emt 00:00:27]} Kd7
{[%clk 00:02:36]} {[%emt 00:00:18]} 49. Ke2 {[%clk 00:30:56]} {[%emt 00:00:12]}
Bb8 {[%clk 00:02:20]} {[%emt 00:00:26]} 50. Kd3 {[%clk 00:30:43]} {[%emt
00:00:22]} Ba7 {[%clk 00:02:01]} {[%emt 00:00:31]} 51. Ke4 {[%clk 00:30:28]}
{[%emt 00:00:24]} Kc7 {[%clk 00:01:39]} {[%emt 00:00:33]} 52. Kf5 {[%clk
00:29:28]} {[%emt 00:01:10]} d3 {[%clk 00:01:39]} {[%emt 00:00:07]} 53. cxd3
{[%clk 00:29:08]} {[%emt 00:00:28]} Bxf2 {[%clk 00:01:39]} {[%emt 00:00:05]} 54.
Kg6 {[%clk 00:27:50]} {[%emt 00:01:28]} Be3 {[%clk 00:01:39]} {[%emt 00:00:03]}
55. Nc6 {[%clk 00:26:21]} {[%emt 00:01:39]} Kxb7 {[%clk 00:01:25]} {[%emt
00:00:24]} 56. Ne5 {[%clk 00:26:01]} {[%emt 00:00:29]} Kb6 {[%clk 00:01:17]}
{[%emt 00:00:19]} 57. Kf5 {[%clk 00:24:47]} {[%emt 00:01:24]} Kc5 {[%clk
00:01:01]} {[%emt 00:00:26]} 58. Ke4 {[%clk 00:24:16]} {[%emt 00:00:39]} Bd4
{[%clk 00:00:56]} {[%emt 00:00:15]} 59. Nf3 {[%clk 00:23:59]} {[%emt 00:00:28]}
Bg7 {[%clk 00:00:56]} {[%emt 00:00:08]} 60. d4+ {[%clk 00:22:14]} {[%emt
00:01:54]} Kd6 {[%clk 00:00:56]} {[%emt 00:00:07]} 61. d5 {[%clk 00:22:14]}
{[%emt 00:00:07]} Ba1 {[%clk 00:00:56]} {[%emt 00:00:06]} 62. Nd4 {[%clk
00:22:02]} {[%emt 00:00:21]} Bxd4 {[%clk 00:00:26]} {[%emt 00:00:41]} 63. Kxd4
{[%clk 00:22:02]} {[%emt 00:00:02]} h5 {[%clk 00:00:26]} {[%emt 00:00:05]} 64.
Ke4 {[%clk 00:22:02]} {[%emt 00:00:04]} g4 {[%clk 00:00:21]} {[%emt 00:00:15]}
65. hxg4 {[%clk 00:21:45]} {[%emt 00:00:26]} hxg4 {[%clk 00:00:21]} {[%emt
00:00:03]} 66. Kxf4 {[%clk 00:21:45]} {[%emt 00:00:01]} Kxd5 {[%clk 00:00:21]}
{[%emt 00:00:01]} 67. Kxg4 {[%clk 00:21:45]} {[%emt 00:00:02]} Ke6 {[%emt
00:00:02]} 68. Kh5 {[%clk 00:21:33]} {[%emt 00:00:20]} Kf7 {[%clk 00:00:21]}
{[%emt 00:00:07]} 69. g4 {[%clk 00:21:20]} {[%emt 00:00:23]} Kf8 {[%clk
00:00:18]} {[%emt 00:00:13]} 70. Kh6 {[%clk 00:21:17]} {[%emt 00:00:12]} Kf7
{[%clk 00:00:18]} {[%emt 00:00:04]} 71. g5 {[%clk 00:21:17]} {[%emt 00:00:03]}
Kg8 {[%clk 00:00:18]} {[%emt 00:00:02]} 72. Kg6 {[%clk 00:21:17]} {[%emt
00:00:01]} Kh8 {[%clk 00:00:18]} {[%emt 00:00:02]} 73. Kf7 {[%clk 00:21:17]}
{[%emt 00:00:01]} Kh7 {[%clk 00:00:18]} {[%emt 00:00:03]} 74. g6 {[%clk
00:21:17]} {[%emt 00:00:01]} Kh6 {[%clk 00:00:18]} {[%emt 00:00:04]} 75. g7
{[%clk 00:21:17]} {[%emt 00:00:02]} Kh5 {[%clk 00:00:18]} {[%emt 00:00:01]} 76.
g8=Q {[%clk 00:21:17]} {[%emt 00:00:02]} Kh4 {[%clk 00:00:18]} {[%emt
00:00:01]} 77. Qg6 {[%clk 00:21:17]} {[%emt 00:00:02]} Kh3 {[%clk 00:00:18]}
{[%emt 00:00:01]} 78. Qg5 {[%clk 00:21:17]} {[%emt 00:00:01]} Kh2 {[%clk
00:00:18]} {[%emt 00:00:01]} 79. Qg4 {[%clk 00:21:17]} {[%emt 00:00:01]} Kh1
{[%clk 00:00:18]} {[%emt 00:00:01]} 80. Kf6 {[%clk 00:21:17]} {[%emt 00:00:02]}
Kh2 {[%clk 00:00:18]} {[%emt 00:00:02]} 81. Kf5 {[%clk 00:21:17]} {[%emt
00:00:01]} Kh1 {[%clk 00:00:18]} 82. Kf4 {[%clk 00:21:17]} {[%emt 00:00:01]}
Kh2 {[%clk 00:00:18]} {[%emt 00:00:01]} 83. Kf3 {[%clk 00:21:17]} {[%emt
00:00:02]} 1-0